Daňové výdavky.Zmluvy.Zákony.Archív. : Poradca - február 2005
Gespeichert in:
| Format: | Paket Buch |
|---|---|
| Sprache: | Slowakisch |
| Veröffentlicht: |
Žilina :
Poradca,
2005
|
| Tags: |
Keine Tags, Fügen Sie das erste Tag hinzu!
|
MARC
| LEADER | 00000npm a22000003a 4500 | ||
|---|---|---|---|
| 001 | stu93009 | ||
| 005 | 20150408161035.5 | ||
| 008 | 050228s2005----xo------------------slo-d | ||
| 040 | |a STU |b slo | ||
| 041 | 0 | |a slo | |
| 044 | |a xo | ||
| 080 | |a 336.2(094.4) | ||
| 080 | |a 3(094.4) | ||
| 245 | |a Daňové výdavky.Zmluvy.Zákony.Archív. : |b Poradca - február 2005 | ||
| 260 | |a Žilina : |b Poradca, |c 2005 | ||
| 996 | |b 284V017112 |c V*64/A |l VVT |s A |a 24 |w stu93009_0001 | ||